000 00686nam a2200229 a 4500
001 BRCA_8131
005 20190320210139.0
008 110414s1964----enka###f##---#001-0#eng-#
041 _aeng
044 _aenk
050 4 _aNK7143
_b.W42
_c1964
100 1 _aWenham, Edward
_920251
245 1 0 _aOld silver
_bfor modern settings
_cEdward Wenham ; ilustrated by Edgar Holloway.
260 _aLondon
_bSpring Books
_c1964
300 _axi, 195 p.
_bil., 28 láminas
_c22 cm.
500 _aY209
650 1 4 _aPlatería antigua
_zInglaterra
_920252
650 1 4 _aObjetos de arte
_vPlata vieja
_zInglaterra
_920253
700 1 _aHolloway, Edgar
_eil.
_920254
902 _aGFM
942 _2lcc
_cB
999 _c7799
_d7799